García Lorca / (Record no. 96274)

MARC details
000 -LEADER
campo de control de longitud fija 00775nam a2200217 i 4500
001 - NÚMERO DE CONTROL
campo de control 96274
003 - IDENTIFICADOR DE NÚMERO DE CONTROL
campo de control ES-MaACL
005 - FECHA Y HORA DE LA ÚLTIMA TRANSACCIÓN
campo de control 20230906181859.0
007 - CAMPO FIJO DE DESCRIPCIÓN FÍSICA--INFORMACIÓN GENERAL
campo de control de longitud fija t|
008 - DATOS DE LONGITUD FIJA--INFORMACIÓN GENERAL
campo de control de longitud fija 050615s1977 sp |||| |bspa d
100 1# - ENTRADA PRINCIPAL--NOMBRE DE PERSONA
Nombre de persona Magariño, Arturo.
9 (RLIN) 75450
245 10 - MENCIÓN DEL TÍTULO
Título García Lorca /
Mención de responsabilidad, etc. [texto biográfico, Arturo Magariño ; textos complementarios y documentación, Manuel Baldomero, Raúl García Aguilera, Gloria Martínez].
260 ## - PUBLICACIÓN, DISTRIBUCIÓN, ETC.
Lugar de publicación, distribución, etc. Madrid :
Nombre del editor, distribuidor, etc. Hernando,
Fecha de publicación, distribución, etc. 1977.
300 ## - DESCRIPCIÓN FÍSICA
Extensión 161 p., 7 h. :
Otras características físicas il. ;
Dimensiones 23 cm.
600 14 - PUNTO DE ACCESO ADICIONAL DE MATERIA--NOMBRE DE PERSONA
Nombre de persona García Lorca, Federico,
Fechas asociadas al nombre 1898-1936-
Subdivisión general Biografías
9 (RLIN) 54854
700 1# - ENTRADA AGREGADA--NOMBRE PERSONAL
Nombre de persona Baldomero, Manuel.
9 (RLIN) 24895
700 1# - ENTRADA AGREGADA--NOMBRE PERSONAL
Nombre de persona García Aguilera, Raúl.
9 (RLIN) 54118
700 1# - ENTRADA AGREGADA--NOMBRE PERSONAL
Nombre de persona Martínez, Gloria.
9 (RLIN) 77746
852 ## - LOCALIZACIÓN
Ubicación ES-MaACL
Número de control de estantería A-7099
Holdings
Estatus retirado Estado de pérdida Estado de daño No para préstamo Biblioteca de origen Biblioteca actual Ubicación en estantería Fecha de adquisición Fuente de adquisición Total de préstamos Signatura topográfica completa Código de barras Visto por última vez Precio de reemplazo Tipo de ítem Koha
        Biblioteca del Ateneo de Madrid Biblioteca del Ateneo de Madrid Sala Pecera Planta 1 17/01/2008     A-7099 1100517 23/02/2023 23/02/2023 Libro impreso